Les pays contenant entre 30 % et 40 % de chiites - Statistiques

Statistiques générales
  • Ce quiz a été pris 36 fois
  • Le résultat moyen est 1 sur 2
Statistiques - réponses
Hint Réponse % Correct
35,57 % Liban
78%
30,02 % Koweït
61%
Aucun quiz correspondant
Distribution des résultats
% des personnes avec chaque résultat
Percentile par nombre de réponses
Votre historique - résultats
Vous n’avez pas pris ce quiz